00393 2200157 4500001002100000005001700021006001900038008004100057020000600098035002500104100001900129245001600148260002900164990002100193990002100214INLIS00000000001013120150221135209.0a ||| | 170609| ||| |  a- a0010-0215000000005330 aAgus Kurniawan00aPenjual kue a-bPilar Bambu Kuningc- a1498/b/kpad/2010 a1496/b/kpad/2010